000 00870nam a22002057a 4500
010 _a1617CH-EN
020 _a9789350466582
_c135.00
035 _aB-641134-148
035 _aB-667394
037 _aDPL
_bAakar/Ven.
082 _aS
100 _aWhitaker, Zai
245 _aKanna Panna /
_cby Whitaker; illustrated by Niloufer
260 _bTulika
_c2015
_aChennai
270 _a24/1, Ganapathy Colony, Third Street, Teynampet,
_bChennai
_e600018
300 _a22p.
_c19cm(pbk)
942 _2ddc
_cCH
_mWHI
_hS
999 _c100874
_d100874